Educational Strategies among Muslims in the Context of Globalization : Some National Case Studies /
This volume deals with Islamic conceptualization of knowledge, various types of Islamic education; and educational strategies among selected groups of Muslims in Islamized countries (Pakistan, Iran, Morocco, Senegal, and so on) as well as countries in Europe where Muslims form important minorities....
مؤلفون آخرون: ,
التنسيق: كتاب الكتروني
اللغة: English
منشور في:
Leiden; Boston :
BRILL,
2004.
سلاسل:
Brill Book Archive Part 1, ISBN: 9789004472495.
Muslim Minorities ;
3.
الموضوعات:
الوصول للمادة أونلاين: Login to view Source
الوسوم: إضافة وسم
رقم الطلب: LC904
| LEADER | 02689nam a22005051i 4500 | ||
|---|---|---|---|
| 001 | BRILL9789047402923 | ||
| 003 | nllekb | ||
| 005 | 20211118222419.0 | ||
| 006 | m d | ||
| 007 | cr un uuuua | ||
| 008 | 210731s2004 ne sb 001 0 eng d | ||
| 010 | |z 2004040770 | ||
| 020 | |a 9789047402923 |q (electronic book) | ||
| 020 | |a 9789004136755 |q (print) | ||
| 024 | 7 | |a 10.1163/9789047402923 |2 DOI | |
| 035 | |a (OCoLC)60810170 | ||
| 040 | |a NL-LeKB |c NL-LeKB |e rda | ||
| 050 | 4 | |a LC904 | |
| 072 | 7 | |a JFSR2 |2 bicssc | |
| 072 | 7 | |a SOC |x 048000 |2 bisacsh | |
| 082 | 0 | 4 | |a 371.077 |2 23 |
| 245 | 0 | 0 | |a Educational Strategies among Muslims in the Context of Globalization : |b Some National Case Studies / |c edited by Holger Daun, Geoffrey Walford. |
| 246 | 3 | |a Some National Case Studies | |
| 264 | 1 | |a Leiden; |a Boston : |b BRILL, |c 2004. | |
| 300 | |a 1 online resource. | ||
| 336 | |a text |b txt |2 rdacontent | ||
| 337 | |a computer |b c |2 rdamedia | ||
| 338 | |a online resource |2 rdacarrier | ||
| 490 | 1 | |a Brill Book Archive Part 1, ISBN: 9789004472495 | |
| 490 | 1 | |a Muslim Minorities ; |v 3 | |
| 504 | |a Includes bibliographical references and index. | ||
| 520 | |a This volume deals with Islamic conceptualization of knowledge, various types of Islamic education; and educational strategies among selected groups of Muslims in Islamized countries (Pakistan, Iran, Morocco, Senegal, and so on) as well as countries in Europe where Muslims form important minorities. The first chapter gives an overview of Islamic educational arrangements in the context of globalization and chapter two presents some principal ideological orientations among Muslims. The remaining chapters describe educational arrangements available to Muslim parents in different countries. The book is useful as a textbook in social sciences courses, teacher training institutions and among the general public. | ||
| 588 | |a Description based on print version record. | ||
| 650 | 0 | |a Islamic education |v Case studies. | |
| 650 | 0 | |a Minorities |x Education |v Case studies. | |
| 650 | 0 | |a Multicultural education |v Case studies. | |
| 700 | 1 | |a Daun, Holger, |e editor. | |
| 700 | 1 | |a Walford, Geoffrey, |e editor. | |
| 776 | 0 | 8 | |i Print version: |t Educational Strategies among Muslims in the Context of Globalization : Some National Case Studies. |d Leiden ; Boston : BRILL, 2004 |z 9789004136755 |w (OCoLC)54066668 |
| 830 | 0 | |a Brill Book Archive Part 1, ISBN: 9789004472495. | |
| 830 | 0 | |a Muslim Minorities ; |v 3. | |
| 856 | 4 | |z DOI: |u http://dx.doi.org/10.1163/9789047402923 | |
| 942 | |2 lcc |c EBOOK | ||
| 952 | |0 0 |1 0 |2 lcc |4 0 |7 1 |9 23109 |a BRILL |b BRILL |d 2021-11-18 |l 0 |r 2021-11-18 00:00:00 |w 2021-11-18 |y EBOOK | ||
| 999 | |c 40583 |d 40583 | ||
